000 00639nam a2200217Ia 4500
005 20260429111905.0
008 260429s9999||||xx |||||||||||||| ||und||
020 _a9781284179682
041 _aEnglish
082 _a616.855
_bGIL
100 _aGillam, Ronald B.
245 0 _aCommunication sciences and disorders :
_bfrom science to clinical practice /
_cRonald B. Gillam
250 _a4th ed.
260 _aUnited states :
_bJones and Bartlett,
_c2021.
300 _axxi, 419 p.; pbk
650 _a Communication disorder
650 _a Speech disorder
650 _aDiseases
700 _a Marquardt, Thomas P.
942 _cTB
999 _c51295
_d51295